Statistics for Subaru Car Models by Picture

Click here to take the quiz!

General Stats

  • This quiz has been taken 28 times
  • The average score is 6 of 16

Answer Stats

Answer% Correct
BRZ
91%
WRX STI
86%
Forester
77%
Outback
77%
Crosstrek
45%
Impreza Sport
45%
Legacy
45%
Tribeca
32%
Baja
23%
Solterra
23%
Ascent
18%
SVX
18%
360
9%
Vivio RX-R
5%
1000
0%
Elcapa
0%

Score Distribution

Percentile by Number Answered

Percent of People with Each Score

Your Score History

You have not taken this quiz